LEADER 01820nam a2200301 i 4500 001 991004061219707536 008 081125s2004 ne a b 001 0 eng d 020 $a0121486605 035 $ab13793925-39ule_inst 040 $aDi.S.Te.B.A.$beng 082 00$a611.0188$222 245 00$aFrom molecules to networks :$ban introduction to cellular and molecular neuroscience /$cedited by John H. Byrne, James L. Roberts 260 $aAmsterdam ;$aBoston :$bElsevier Academic Press,$c2004 300 $axii, 583 p. :$bill. (some col.) ;$c28 cm +$e1 CD-ROM (4 3/4 in) 504 $aIncludes bibliographical references and index 538 $aSystem requirements for accompanying disk: Windows. Windows 98, 2000, ME, or XP ; Pentium II processor ; 233 MHz or higher ; 64 MB or available RAM ; 2 MB of available hard-disk space ; 8x or faster CD-ROM drive ; VGA monitor supporting 256 colors ; 800 x 600 screen resolution ; Internet Explorer 5.0 or later. Macintosh: Apple PowerPC 166 MHz or higher ; Mac OS version 9.1 or 9.2 ; 64 MB or available RAM ; 2 MB of available hard-disk space ; 8x or faster CD-ROM drive ; VGA monitor supporting 256 colors ; 800 x 600 screen resolution ; Netscape 4.76 or later 650 0$aMolecular neurobiology 650 0$aCytology 650 0$aNeurons 700 1 $aByrne, John H. 700 1 $aRoberts, James Lewis 907 $a.b13793925$b28-01-14$c25-11-08 912 $a991004061219707536 945 $aLE003 611.018 BYR01.01 C.1 (2004)$g1$i2003000081749$lle003$op$pE72.95$q-$rl$s- $t1$u0$v0$w0$x0$y.i14940139$z09-03-09 945 $aLE003 611.018 BYR01.01 C.2 (2004)$g2$i2003000081732$lle003$op$pE72.95$q-$rl$s- $t0$u2$v16$w2$x0$y.i14940140$z09-03-09 996 $aFrom molecules to networks$91224284 997 $aUNISALENTO 998 $ale003$b25-11-08$cm$da $e-$feng$gne $h0$i0 LEADER 01229nam 2200361 450 001 9910283656303321 005 20230814224120.0 010 $a1-4503-5725-3 035 $a(CKB)4100000005963651 035 $a(WaSeSS)IndRDA00122439 035 $a(EXLCZ)994100000005963651 100 $a20200427d2018 uy 0 101 0 $aeng 135 $aur||||||||||| 181 $ctxt$2rdacontent 182 $cc$2rdamedia 183 $acr$2rdacarrier 200 10$aCHASE 2018 $e2018 ACM/IEEE 11th International Workshop on Cooperative and Human Aspects of Software Engineering : proceedings : 27 May 2018, Gothenburg, Sweden /$fIEEE Computer Society 210 1$aLos Alamitos, California :$cIEEE Computer Society,$d2018. 215 $a1 online resource (123 pages) 311 $a1-5386-6176-4 606 $aSoftware engineering$vCongresses 606 $aComputer software$xHuman factors$vCongresses 615 0$aSoftware engineering 615 0$aComputer software$xHuman factors 676 $a005.1 712 02$aAssociation for Computing Machinery-Digital Library. 801 0$bWaSeSS 801 1$bWaSeSS 906 $aPROCEEDING 912 $a9910283656303321 996 $aCHASE 2018$92139664 997 $aUNINA LEADER 01292nam a22002531i 4500 001 991001554759707536 005 20250526135754.0 008 040407s1978 it |||||||||||||||||ita 035 $ab12788028-39ule_inst 035 $aARCHE-076765$9ExL 040 $aDip.to Scienze Storiche$bita$cA.t.i. Arché s.c.r.l. Pandora Sicilia s.r.l. 082 04$a929.75753 100 1 $aFoscarini, Amilcare$0211546 245 10$aArmerista e notiziario delle famiglie nobili, notabili e feudatarie di Terra d'Otranto oggi provincie di Lecce, di Brindisi e di Taranto, estinte e viventi :$bcon tavole genealogiche /$cAmilcare Foscarini ; con premessa di Pietro De Leo 260 $a[Sala Bolognese] :$bArnaldo Forni,$c1978 300 $aXIX, 303 p. ;$c24 cm +$e2 c. di tav 500 $aRipr. facs. dell'ed.: Lecce : La Modernissima, 1927 700 1 $aDe Leo, Pietro 907 $a.b12788028$b02-04-14$c16-04-04 912 $a991001554759707536 945 $aLE009 LA V B 11$g1$i2009000247239$lle009$o-$pE0.00$q-$rn$so$t0$u5$v0$w5$x0$y.i13332752$z16-04-04 996 $aArmerista e notiziario delle famiglie nobili, notabili e feudatarie di Terra d'Otranto, oggi provincie di Lecce, di Brindisi e di Taranto, estinte e viventi$9277247 997 $aUNISALENTO 998 $ale009$b16-04-04$cm$da$e-$fita$git$h0$i1